Random vs. SMOTE Oversampling: Which Enhances Bankruptcy Prediction More?

Modely predpovedajúce firemné zlyhanie a pravdepodobnosť finančnej nestability. Rizikové faktory krachu podnikov medzi malými a strednými podnikmi (MSP), ktoré sa zaoberajú podnikateľskou činnosťou na Slovensku, so zameraním sa na porovnanie metód náhodného (random) a SMOTE oversamplingu. Na efektív...

Ausführliche Beschreibung

Gespeichert in:
Bibliographische Detailangaben
1. Verfasser: Vojtasová, Mária, 1997-
Format: Buchkapitel
Sprache:Englisch
Schlagworte:
Tags: Tag hinzufügen
Keine Tags, Fügen Sie das erste Tag hinzu!

MARC

LEADER 00000naa$a2200000$$$4500
001 0303099
005 20240718085254.3
041 0 |a eng 
044 |a TR 
245 1 0 |a Random vs. SMOTE Oversampling: Which Enhances Bankruptcy Prediction More?  |c Mária Vojtasová 
520 |a Modely predpovedajúce firemné zlyhanie a pravdepodobnosť finančnej nestability. Rizikové faktory krachu podnikov medzi malými a strednými podnikmi (MSP), ktoré sa zaoberajú podnikateľskou činnosťou na Slovensku, so zameraním sa na porovnanie metód náhodného (random) a SMOTE oversamplingu. Na efektívne predvídanie zlyhania spoločnosti je nevyhnutné vyhodnotiť celý rad finančných ukazovateľov z rôznych kategórií, ktoré môžu poskytnúť cenné informácie o finančnom zdraví spoločnosti. 
610 2 0 |a modely ekonomické 
610 2 0 |a bankrot 
610 2 0 |a predvídanie 
610 2 0 |a zdravie podniku finančné 
610 2 0 |a riziko finančné 
610 2 0 |a siete neurónové 
610 2 0 |a firmy 
610 2 0 |a podnikanie 
610 2 0 |a ukazovatele finančné 
100 1 |a Vojtasová, Mária, 1997-